[Event "26.Torneo Collado Villalba 2011"]
[Site "Collado Villalba ESP"]
[Date "2011.08.30"]
[Round "8.20"]
[White "Serrano Martinez, Francisco Jos"]
[Black "Alcazar Jimenez, Jesus"]
[Result "1-0"]
[WhiteElo "1950"]
[BlackElo "2257"]
[PlyCount "63"]
[EventDate "2011.08.23"]
[EventType "swiss"]
[EventRounds "9"]
[EventCountry "ESP"]
[Source "lmi"]
[SourceDate "2011.08.23"]

1. e4 c5 2. d4 e6 3. Nf3 cxd4 4. c3 d3 5. Bxd3 Nc6 6. c4 Qc7 7. O-O Nf6 8. Nc3
Ng4 9. e5 a6 10. Bf4 Ncxe5 11. Nxe5 Nxe5 12. Re1 d6 13. Rc1 b6 14. Be4 Ra7 15.
b3 Be7 16. Be3 f5 17. Bxf5 exf5 18. Nd5 Qc6 19. Nxb6 f4 20. Nxc8 fxe3 21. Nxa7
exf2+ 22. Kxf2 Bh4+ 23. Kg1 Qc5+ 24. Kh1 Bxe1 25. Qxe1 Qxa7 26. c5 O-O 27. cxd6
Nd3 28. Qe6+ Kh8 29. Qf5 Nf2+ 30. Kg1 Qb8 31. Qxf8+ Qxf8 32. d7 1-0

[Event "26.Torneo Collado Villalba 2011"]
[Site "Collado Villalba ESP"]
[Date "2011.08.30"]
[Round "8.21"]
[White "Gonzalez Mateos, Rafael"]
[Black "Rodriguez De Robles, Ignacio"]
[Result "1-0"]
[WhiteElo "2186"]
[BlackElo "1943"]
[PlyCount "125"]
[EventDate "2011.08.23"]
[EventType "swiss"]
[EventRounds "9"]
[EventCountry "ESP"]
[Source "lmi"]
[SourceDate "2011.08.23"]

1. d4 Nf6 2. c3 g6 3. Bg5 Bg7 4. Nd2 d5 5. Ngf3 h6 6. Bf4 g5 7. Bg3 Nh5 8. Be5
f6 9. Qc2 Be6 10. Bg3 Qd7 11. e4 c6 12. Bd3 Nxg3 13. hxg3 Na6 14. exd5 cxd5 15.
Bg6+ Bf7 16. O-O O-O 17. Rfe1 e6 18. Re2 Nc7 19. Rae1 Rac8 20. a3 Rfe8 21. Nb3
b6 22. Nc1 Nb5 23. Bxf7+ Qxf7 24. Qb3 Nd6 25. Nd2 e5 26. dxe5 fxe5 27. Nd3 e4
28. Nb4 Nc4 29. Nxc4 Rxc4 30. Nc2 Rd8 31. Rd1 Rd7 32. Red2 Rc5 33. Ne3 d4 34.
Qxf7+ Kxf7 35. cxd4 Rc8 36. Nf5 h5 37. Nxg7 Kxg7 38. Kf1 Kf6 39. Ke2 Rd5 40.
Ke3 Kf5 41. Rh1 Rh8 42. Rc1 Rh7 43. Rc8 Re7 44. Rh8 Kg4 45. Rg8 Rb5 46. d5 Rb3+
47. Ke2 Kf5 48. d6 Rd7 49. Rd5+ Ke6 50. Rgxg5 Rxb2+ 51. Ke3 Rxd6 52. Rxd6+ Kxd6
53. Rxh5 Rb3+ 54. Kxe4 Rxa3 55. g4 Ra4+ 56. Kf5 Ra2 57. f4 Rxg2 58. g5 a5 59.
Kf6 a4 60. g6 a3 61. g7 a2 62. Rh1 b5 63. Ra1 1-0

[Event "26.Torneo Collado Villalba 2011"]
[Site "Collado Villalba ESP"]
[Date "2011.08.30"]
[Round "8.22"]
[White "Aziz Ortego, Omar Luis"]
[Black "Garcia Fernandez, Jesus"]
[Result "1-0"]
[WhiteElo "2168"]
[BlackElo "1935"]
[PlyCount "41"]
[EventDate "2011.08.23"]
[EventType "swiss"]
[EventRounds "9"]
[EventCountry "ESP"]
[Source "lmi"]
[SourceDate "2011.08.23"]

1. e4 e5 2. Nc3 Nc6 3. f4 d6 4. d3 Nf6 5. Nf3 Be7 6. Be2 O-O 7. O-O Bg4 8. Nd5
Bxf3 9. Nxf6+ Bxf6 10. Bxf3 Nd4 11. c3 Nxf3+ 12. Qxf3 c6 13. Be3 Qd7 14. f5 Bd8
15. g4 f6 16. h4 Kh8 17. Kh2 d5 18. Rad1 Bb6 19. Bc1 Rae8 20. g5 Rg8 21. g6 1-0

[Event "26.Torneo Collado Villalba 2011"]
[Site "Collado Villalba ESP"]
[Date "2011.08.30"]
[Round "8.23"]
[White "Garcia Saez, Juan Carlos"]
[Black "Olives Barba, Carlos Jose"]
[Result "1-0"]
[WhiteElo "2070"]
[BlackElo "1917"]
[PlyCount "43"]
[EventDate "2011.08.23"]
[EventType "swiss"]
[EventRounds "9"]
[EventCountry "ESP"]
[Source "lmi"]
[SourceDate "2011.08.23"]

1. e4 d5 2. exd5 Qxd5 3. Nc3 Qd6 4. d4 Nf6 5. Bc4 c6 6. Nge2 Qb4 7. b3 e6 8.
O-O Nbd7 9. a3 Qa5 10. Bf4 Qd8 11. Ng3 Nb6 12. Be2 Nbd5 13. Nxd5 Nxd5 14. Bd2
Bd6 15. f4 O-O 16. c4 Nf6 17. Bc3 c5 18. Kh1 cxd4 19. Qxd4 Be7 20. Qe5 Qd6 21.
Qe3 Bd7 22. Bb4 1-0

[Event "26.Torneo Collado Villalba 2011"]
[Site "Collado Villalba ESP"]
[Date "2011.08.30"]
[Round "8.24"]
[White "Montoya Pecurul, Marc"]
[Black "Luna Hermoso, Angel"]
[Result "1-0"]
[WhiteElo "1796"]
[BlackElo "2046"]
[PlyCount "79"]
[EventDate "2011.08.23"]
[EventType "swiss"]
[EventRounds "9"]
[EventCountry "ESP"]
[Source "lmi"]
[SourceDate "2011.08.23"]

1. e4 e5 2. Nf3 Nc6 3. Bb5 a6 4. Ba4 Nf6 5. O-O Be7 6. Re1 b5 7. Bb3 O-O 8. c3
d5 9. d4 dxe4 10. Nxe5 Nxe5 11. dxe5 Ng4 12. Rxe4 h5 13. h3 Qxd1+ 14. Bxd1 Rd8
15. Nd2 Bb7 16. Re1 Bg5 17. Nb3 Rxd1 18. Rxd1 Bxc1 19. Raxc1 Nxe5 20. Nc5 Bc6
21. b3 a5 22. Re1 f6 23. Rcd1 g5 24. Ne4 Bxe4 25. Rxe4 Kf7 26. f4 gxf4 27. Rxf4
Re8 28. Rd5 Ng6 29. Rf2 Re5 30. Rd7+ Re7 31. Rxe7+ Nxe7 32. Rd2 Ke6 33. Kf2 Nd5
34. Rd3 c5 35. a3 b4 36. axb4 axb4 37. c4 Nf4 38. Rd8 Ke7 39. Rd1 Ke6 40. Kf3
1-0

[Event "26.Torneo Collado Villalba 2011"]
[Site "Collado Villalba ESP"]
[Date "2011.08.30"]
[Round "8.25"]
[White "Ruiz Sanchez, Roberto"]
[Black "Fernandez Gil, Ruben Carlos"]
[Result "1-0"]
[WhiteElo "1997"]
[BlackElo "1847"]
[PlyCount "57"]
[EventDate "2011.08.23"]
[EventType "swiss"]
[EventRounds "9"]
[EventCountry "ESP"]
[Source "lmi"]
[SourceDate "2011.08.23"]

1. e4 c5 2. Nf3 Nc6 3. d4 cxd4 4. Nxd4 g6 5. c4 Bg7 6. Be3 Nf6 7. Nc3 O-O 8.
Be2 d6 9. O-O Bd7 10. Qd2 Nxd4 11. Bxd4 Bc6 12. f3 Nd7 13. Bxg7 Kxg7 14. Kh1 a5
15. f4 Nc5 16. f5 Qb6 17. fxg6 hxg6 18. Rf4 a4 19. Raf1 Qb4 20. Rh4 Rh8 21.
Qd4+ e5 22. Qxd6 Rxh4 23. Qf6+ Kh7 24. Qxh4+ Kg8 25. Rf3 Bd7 26. Nd5 Qxb2 27.
Rxf7 Kxf7 28. Qe7+ Kg8 29. Nf6+ 1-0

[Event "26.Torneo Collado Villalba 2011"]
[Site "Collado Villalba ESP"]
[Date "2011.08.30"]
[Round "8.26"]
[White "Bote Kobolo, Benjamin"]
[Black "Hernandez Castro, Julio Cesar"]
[Result "0-1"]
[WhiteElo "1979"]
[BlackElo "1838"]
[PlyCount "80"]
[EventDate "2011.08.23"]
[EventType "swiss"]
[EventRounds "9"]
[EventCountry "ESP"]
[Source "lmi"]
[SourceDate "2011.08.23"]

1. Nf3 Nf6 2. g3 b6 3. Bg2 Bb7 4. O-O g6 5. d4 d6 6. Bg5 Bg7 7. Bxf6 Bxf6 8. d5
Bxb2 9. Nbd2 Bxd5 10. e4 Bb7 11. Re1 Nd7 12. Nc4 Bg7 13. a4 O-O 14. Qd2 Nc5 15.
Nh4 Bxa1 16. Rxa1 Bxe4 17. Bxe4 Nxe4 18. Qd4 Nf6 19. Ra3 e5 20. Qd2 Ne4 21. Qh6
Qg5 22. Qxg5 Nxg5 23. f4 exf4 24. gxf4 Ne4 25. f5 Rae8 26. Ne3 Kg7 27. Nd5 c6
28. Ne3 d5 29. Nf3 h5 30. Nd4 c5 31. Nc6 d4 32. Nd5 Rd8 33. Nce7 Nf6 34. Nxf6
Kxf6 35. Nc6 Rd7 36. fxg6 fxg6 37. Rf3+ Kg7 38. Rg3 Rf6 39. Ne5 Re7 40. Nf3 Re3
0-1

[Event "26.Torneo Collado Villalba 2011"]
[Site "Collado Villalba ESP"]
[Date "2011.08.30"]
[Round "8.27"]
[White "Gordillo, Manuel"]
[Black "Camarero Izquierdo, Juan C"]
[Result "1-0"]
[WhiteElo "1930"]
[BlackElo "1946"]
[PlyCount "93"]
[EventDate "2011.08.23"]
[EventType "swiss"]
[EventRounds "9"]
[EventCountry "ESP"]
[Source "lmi"]
[SourceDate "2011.08.23"]

1. d4 e6 2. Nf3 f5 3. Bg5 Be7 4. Bxe7 Qxe7 5. Nbd2 Nf6 6. e3 d5 7. Ne5 Ne4 8.
Qh5+ g6 9. Nxg6 Qf7 10. Nf4 Qxh5 11. Nxh5 Nxd2 12. Kxd2 Nd7 13. c4 Rg8 14. Rc1
c6 15. g3 Rg5 16. Be2 Ke7 17. c5 e5 18. dxe5 a5 19. a4 Rg6 20. f4 b6 21. cxb6
Nxb6 22. b3 Nd7 23. Bd3 Nb8 24. Nf6 h6 25. Nxd5+ cxd5 26. Rxc8 Rb6 27. Bb5 Ra7
28. Rhc1 Na6 29. Rh8 Nc7 30. Rh7+ Kd8 31. Rd7+ Kc8 32. Rxd5 Kb8 33. Rd8+ Kb7
34. Rd7 Kb8 35. Bc4 Rab7 36. Rc3 Na6 37. Rxb7+ Kxb7 38. Bxa6+ Kxa6 39. e4 fxe4
40. f5 h5 41. f6 h4 42. f7 Rb8 43. e6 Rd8+ 44. Ke2 hxg3 45. hxg3 Rh8 46. e7
Rh2+ 47. Ke3 1-0

[Event "26.Torneo Collado Villalba 2011"]
[Site "Collado Villalba ESP"]
[Date "2011.08.30"]
[Round "8.28"]
[White "Rodriguez Del Moral, Angel"]
[Black "Morona Minguez, Irene"]
[Result "0-1"]
[WhiteElo "1813"]
[BlackElo "1930"]
[PlyCount "86"]
[EventDate "2011.08.23"]
[EventType "swiss"]
[EventRounds "9"]
[EventCountry "ESP"]
[Source "lmi"]
[SourceDate "2011.08.23"]

1. d4 Nf6 2. Nf3 g6 3. Bf4 Bg7 4. e3 d6 5. h3 O-O 6. Nbd2 Nfd7 7. Bg5 c5 8. c3
Nc6 9. Be2 h6 10. Bf4 f5 11. Qc2 cxd4 12. cxd4 Nf6 13. Bg3 Be6 14. Bc4 Qd7 15.
Bxe6+ Qxe6 16. a3 Nh5 17. Bh2 Bxd4 18. O-O Bg7 19. Rab1 Kh7 20. b4 a6 21. Rfe1
Qd7 22. Nc4 Rad8 23. Rbd1 f4 24. e4 Qe8 25. Rd5 b5 26. Nb2 e6 27. Rdd1 Ne5 28.
Nd4 Rc8 29. Qb3 Nc4 30. Nxc4 Rxc4 31. Nf3 Qc6 32. Qd3 Rd8 33. e5 d5 34. g4 fxg3
35. fxg3 Rc3 36. Qe2 Rf8 37. Rd3 Qc4 38. Rxc3 Qxc3 39. Qd2 Rxf3 40. Qxc3 Rxc3
41. g4 Ng3 42. Bxg3 Rxg3+ 43. Kh2 Rxa3 0-1

[Event "26.Torneo Collado Villalba 2011"]
[Site "Collado Villalba ESP"]
[Date "2011.08.30"]
[Round "8.29"]
[White "Velasco Garcia, Jorge Juan"]
[Black "Martin Carmona, Gaston"]
[Result "1-0"]
[WhiteElo "1927"]
[BlackElo "1805"]
[PlyCount "80"]
[EventDate "2011.08.23"]
[EventType "swiss"]
[EventRounds "9"]
[EventCountry "ESP"]
[Source "lmi"]
[SourceDate "2011.08.23"]

1. d4 Nf6 2. Bg5 e6 3. Nf3 d5 4. e3 c5 5. Nbd2 Be7 6. c3 Nbd7 7. Bd3 h6 8. Bh4
cxd4 9. exd4 Qc7 10. Bg3 Bd6 11. Bxd6 Qxd6 12. Qe2 Qc7 13. O-O O-O 14. Ne5 Nxe5
15. dxe5 Nd7 16. Rae1 a5 17. Nb3 a4 18. Nd4 Nc5 19. Bb1 b6 20. Qc2 g6 21. Re3
Ba6 22. Rfe1 Rac8 23. g4 a3 24. b4 Bd3 25. Qd2 Bxb1 26. bxc5 bxc5 27. Nb5 Qa5
28. Nd6 Rb8 29. Rh3 g5 30. Rxh6 Bg6 31. Qxg5 Qd8 32. Rxg6+ fxg6 33. Qxg6+ Kh8
34. Qh6+ Kg8 35. Re3 Rb1+ 36. Kg2 Rxf2+ 37. Kxf2 Rb2+ 38. Kg3 Qe7 39. Rf3 Rxa2
40. Qg6+ Qg7 1-0

[Event "26.Torneo Collado Villalba 2011"]
[Site "Collado Villalba ESP"]
[Date "2011.08.30"]
[Round "8.32"]
[White "Jordana Vargas, Julio"]
[Black "Perez Ortego, Alberto"]
[Result "1-0"]
[WhiteElo "1925"]
[BlackElo "1581"]
[PlyCount "93"]
[EventDate "2011.08.23"]
[EventType "swiss"]
[EventRounds "9"]
[EventCountry "ESP"]
[Source "lmi"]
[SourceDate "2011.08.23"]

1. c4 e5 2. g3 Nf6 3. Bg2 Bc5 4. Nc3 c6 5. Nf3 d6 6. O-O O-O 7. a3 a6 8. b4 Bb6
9. d3 Re8 10. Ne1 Bd4 11. Bb2 d5 12. Qb3 Bxc3 13. Bxc3 d4 14. Bd2 Be6 15. a4
Nbd7 16. Qb2 Qc8 17. f4 Bg4 18. Rf2 e4 19. Qxd4 exd3 20. exd3 Re2 21. Nf3 Rxf2
22. Kxf2 c5 23. Qb2 Rb8 24. Re1 b5 25. axb5 axb5 26. Bf1 Qc6 27. Re3 cxb4 28.
Qxb4 bxc4 29. Qxc4 Qb6 30. h3 Be6 31. Qd4 Qc6 32. Bc3 Rb3 33. Bd2 Bd5 34. Bg2
h6 35. g4 Qb7 36. g5 hxg5 37. fxg5 Nh5 38. Re8+ Nf8 39. Qc5 Qb6 40. Rxf8+ Kh7
41. g6+ Kxg6 42. Qxb6+ Rxb6 43. Nh4+ Kf6 44. Bxd5 Ke5 45. Bc4 Rf6+ 46. Nf3+ Kf5
47. Bc3 1-0

[Event "26.Torneo Collado Villalba 2011"]
[Site "Collado Villalba ESP"]
[Date "2011.08.30"]
[Round "8.33"]
[White "Lopez Pais, Francisco"]
[Black "Barahona Torrijos, Angel"]
[Result "0-1"]
[WhiteElo "1833"]
[BlackElo "1902"]
[PlyCount "80"]
[EventDate "2011.08.23"]
[EventType "swiss"]
[EventRounds "9"]
[EventCountry "ESP"]
[Source "lmi"]
[SourceDate "2011.08.23"]

1. d4 Nf6 2. c4 e6 3. g3 d5 4. Bg2 Ne4 5. Nf3 Bb4+ 6. Nbd2 O-O 7. O-O f5 8. a3
Nxd2 9. Nxd2 Be7 10. Nf3 c6 11. Qc2 Bd7 12. Bf4 Be8 13. Rac1 Nd7 14. c5 g5 15.
Be5 g4 16. Nd2 Nxe5 17. dxe5 Bg5 18. Rcd1 Qc7 19. Qc3 f4 20. f3 fxg3 21. hxg3
Bh5 22. f4 Be7 23. b4 a5 24. e4 axb4 25. axb4 Ra2 26. Nb3 Rfa8 27. exd5 cxd5
28. Ra1 Bg6 29. Rxa2 Rxa2 30. Nd4 Qd7 31. Ra1 Rxa1+ 32. Qxa1 h5 33. Qd1 Be4 34.
Bf1 Bd8 35. b5 Be7 36. c6 bxc6 37. bxc6 Qa7 38. Kh2 Bc5 39. Ne2 Bg1+ 40. Nxg1
Qf2+ 0-1

[Event "26.Torneo Collado Villalba 2011"]
[Site "Collado Villalba ESP"]
[Date "2011.08.30"]
[Round "8.34"]
[White "Martin-Consuegra Barrilero, Jav"]
[Black "Herrero Corada, Jose Ignacio"]
[Result "1-0"]
[WhiteElo "1892"]
[BlackElo "1852"]
[PlyCount "115"]
[EventDate "2011.08.23"]
[EventType "swiss"]
[EventRounds "9"]
[EventCountry "ESP"]
[Source "lmi"]
[SourceDate "2011.08.23"]

1. d4 c6 2. Nf3 d5 3. Bf4 Nf6 4. e3 Bg4 5. Be2 e6 6. Ne5 Bxe2 7. Qxe2 Nbd7 8.
Nd2 Nxe5 9. Bxe5 Nd7 10. Bg3 Be7 11. O-O O-O 12. c4 Bf6 13. Rac1 Qa5 14. a3
Rfe8 15. Nf3 Qa6 16. Rfd1 e5 17. dxe5 Nxe5 18. Nxe5 Bxe5 19. Bxe5 Rxe5 20. Qf1
dxc4 21. Qxc4 Qxc4 22. Rxc4 Kf8 23. Kf1 Ke8 24. Rcd4 Re7 25. Ke2 c5 26. Rd5 Rc8
27. f3 f6 28. e4 Kf7 29. Kd3 b5 30. b3 Rcc7 31. Kc3 Re6 32. h4 Ra6 33. Ra1 b4+
34. Kc4 Rxa3 35. Rxa3 bxa3 36. Rd6 Rb7 37. Ra6 Ke7 38. Rxa3 Kd6 39. Ra6+ Ke5
40. g3 g6 41. Rc6 Rb4+ 42. Kc3 Rb5 43. Rc7 f5 44. exf5 Kxf5 45. Rxh7 Ra5 46.
Rc7 Ke6 47. Rc6+ Kf7 48. Kc4 Ra1 49. Rxc5 a5 50. Rc7+ Ke6 51. Rc6+ Kf5 52. Kb5
Ra3 53. Rc3 Ke5 54. Kc4 Ra1 55. Kd3 a4 56. bxa4 Rxa4 57. Rc5+ Kf6 58. g4 1-0